| 000 | 00534cam a22001217a 4500 | ||
|---|---|---|---|
| 008 | 180718b1976 xxu||||| |||| 00| 0 eng d | ||
| 082 | _aZ M311 | ||
| 245 |
_aManaging planned agricultural development. _cby Agricultural Sector Implementation Project, Government Affairs Institute |
||
| 260 |
_aWashington, D.C. _bAgricultural Sector Implementation Project, Government Affairs Institute _c1976 |
||
| 300 | _av.p. | ||
| 650 | _aAgriculture and state | ||
| 700 | _aU.S. Government Affairs Institute. Agricultural Sector Inplementation Project | ||
| 999 |
_c486649 _d486649 |
||